| 000 | 01495nam a22003977a 4500 | ||
|---|---|---|---|
| 001 | 0006757 | ||
| 003 | KOHA_MİRAKIL | ||
| 005 | 20260207001533.0 | ||
| 007 | ta | ||
| 008 | 090819b2004 tu |||gr||||#0|||0|tur | | ||
| 020 |
_a975193625X _q(tk) |
||
| 020 |
_a9751936748 _q(c.2) _c0,01 |
||
| 040 |
_aTR-BiSEU _btur _cTR-BiSEU _erda |
||
| 041 | 0 | _atur | |
| 044 | _ctu | ||
| 050 |
_aDR479 _b.O86 2004 |
||
| 245 | 1 |
_aOsmanlı belgelerinde Ermeni-İngiliz ilişkileri (1891-1893)/ _ceditör Uğurhan Demirbaş...[ve bşk.]; proje yöneticisi Yusuf Sarınay. |
|
| 264 | 1 |
_aAnkara : _bT.C. Başbakanlık Devlet Arşivleri Genel Müdürlüğü _c2004 |
|
| 300 | _a4 c.: resimli | ||
| 336 |
_ametin _btxt _2rdacontent |
||
| 337 |
_aaracısız _bn _2rdamedia |
||
| 338 |
_acilt _bnc _2rdacarrier |
||
| 490 | 1 |
_aOsmanlı Arşivi Daire Başkanlığı yayın ; _vnu. |
|
| 490 | 1 | _a68 | |
| 500 | _aKaynakça ve dizin var. | ||
| 500 | _aConsists mainly of modern Turkish translations of Ottoman Turkish documents. | ||
| 500 | _a1. 1845-1890 -- 2. 1891-1893 -- 3. 1894-1895 -- 4. 1896-1922. | ||
| 650 | 0 |
_aTurkey--Foreign relations--Great Britain--Sources. _916683 |
|
| 650 | 0 |
_aGreat Britain--Foreign relations--Turkey--Sources. _916684 |
|
| 650 | 0 |
_aTurkey--History 19th century--Sources. _916685 |
|
| 650 | 0 |
_aTurkey--History 20th century--Sources. _916686 |
|
| 830 | 1 |
_aOsmanlı Arşivi Daire Başkanlığı yayın ; _vnu. _916607 |
|
| 830 | 1 |
_a68 _916687 |
|
| 907 | _aTarih | ||
| 942 |
_2lcc _cBK |
||
| 999 |
_c6738 _d6738 |
||